000 00522nam a22001697a 4500
999 _c41762
_d41762
003 OSt
005 20221108145000.0
008 221108b ||||| |||| 00| 0 eng d
020 _a9788181523921
040 _coclc
082 _a571.58
_bSHA/P
100 1 _99278
_aSharma, Sanjay Kumar
_c(Assistant professor of botany)
245 _aPlant tissue culture /
_cSanjay kumar sharma
260 _aJaipur:
_bBook enclave,
_c2016.
300 _a297 pages
942 _2ddc
_cBK
_h571.58
_iSHA/P
_k571.8
_mSHA/P